000 00727cam a2200241 4500
008
020 _a0829900136 (pbk.)
049 _aMAIN
090 _aTJ163.3
100 1 _aYannacone, Victor J.
245 1 0 _aEnergy crisis; danger and opportunity /
_cVictor John Yannacone.
260 _aSt. Paul :
_bWest,
_cc1974.
300 _axvi, 432 p. :
_bill. ;
_c26 cm.
504 _aIncludes bibliographical references.
650 0 _aPower resources
_zUnited States.
650 0 _aEnergy policy
_zUnited States.
650 0 _aEnergy conservation.
907 _a.b10004087
_b13-09-05
_c17-04-03
003
005 20230123133114.0
040 _cNUST
942 _cBOOKS
_kTJ163.3
999 _c142807
_d142807